<?xml version="1.0" encoding="UTF-8"?>
<record
    xmlns:xsi="http://www.w3.org/2001/XMLSchema-instance"
    xsi:schemaLocation="http://www.loc.gov/MARC21/slim http://www.loc.gov/standards/marcxml/schema/MARC21slim.xsd"
    xmlns="http://www.loc.gov/MARC21/slim">

  <leader>02857nam a2200361 a 4500</leader>
  <controlfield tag="001">000112197</controlfield>
  <controlfield tag="003">CHAP</controlfield>
  <controlfield tag="005">20251024102349.0</controlfield>
  <controlfield tag="008">160113s2015    mx     |sm   |||||||spa d</controlfield>
  <datafield tag="040" ind1=" " ind2=" ">
    <subfield code="c">CHAP</subfield>
  </datafield>
  <datafield tag="090" ind1=" " ind2=" ">
    <subfield code="a">Tesis</subfield>
  </datafield>
  <datafield tag="100" ind1="1" ind2=" ">
    <subfield code="a">Mart&#xED;nez Rocha, Ricardo Emmanuel</subfield>
    <subfield code="9">130393</subfield>
  </datafield>
  <datafield tag="245" ind1="1" ind2="0">
    <subfield code="a">An&#xE1;lisis de pedigr&#xED; de bovinos romosinuano en M&#xE9;xico</subfield>
    <subfield code="c">por Ricardo Emmanuel Mart&#xED;nez Rocha; director Rodolfo Ram&#xED;rez Valverde</subfield>
  </datafield>
  <datafield tag="264" ind1=" " ind2=" ">
    <subfield code="a">Chapingo, M&#xE9;x. :</subfield>
    <subfield code="b">El autor,</subfield>
    <subfield code="c">2015.</subfield>
  </datafield>
  <datafield tag="336" ind1=" " ind2=" ">
    <subfield code="2">rdacontent</subfield>
    <subfield code="a">texto</subfield>
    <subfield code="b">txt</subfield>
  </datafield>
  <datafield tag="337" ind1=" " ind2=" ">
    <subfield code="2">rdamedia</subfield>
    <subfield code="a">computadora</subfield>
    <subfield code="b">c</subfield>
  </datafield>
  <datafield tag="338" ind1=" " ind2=" ">
    <subfield code="2">rdacarrier</subfield>
    <subfield code="a">recurso en l&#xED;nea</subfield>
    <subfield code="b">cr</subfield>
  </datafield>
  <datafield tag="502" ind1=" " ind2=" ">
    <subfield code="b">IAEZ</subfield>
    <subfield code="c">Zootecn&#xED;a</subfield>
    <subfield code="d">2015</subfield>
  </datafield>
  <datafield tag="520" ind1=" " ind2=" ">
    <subfield code="a">La estructura gen&#xE9;tica de la poblaci&#xF3;n de ganado Romosinuano en M&#xE9;xico fue determinada mediante un an&#xE1;lisis de pedigr&#xED;. Los an&#xE1;lisis se realizaron con el programa ENDOG (4.8) para el total del pedigr&#xED; (TP), que incluy&#xF3; todos los animales inscritos en el libro geneal&#xF3;gico de la raza, y para una poblaci&#xF3;n de referencia (PR), la cual consider&#xF3; los animales nacidos del 2005 a la fecha del &#xFA;ltimo registro (2014), la cual se supone son los animales potencialmente vivos. El pedigr&#xED; incluy&#xF3; 2,951 animales en el TP y 1,474 en la PR. Los par&#xE1;metros poblacionales de diversidad gen&#xE9;tica evaluados fueron: intervalo generacional (IG), integridad del pedigr&#xED; (IP), m&#xE1;ximo n&#xFA;mero de generaciones trazadas (MGT), n&#xFA;mero de generaciones completas equivalentes (GCE), coeficiente de consanguinidad (F), coeficiente de parentesco promedio (AR), n&#xFA;mero equivalente de fundadores (𝑓𝑒), n&#xFA;mero efectivo de ancestros (𝑓𝑎), y tama&#xF1;o efectivo de poblaci&#xF3;n (𝑁𝑒). El IG fue 6.6 y 6.7 a&#xF1;os para el TP y la PR; y la IP calculada con el MGT y el GCE fue 5.83 y 2.83. El F promedio (1.6 y 2.5% para TP y PR) y el AR (3.5 y 4.5% para TP y PR) fueron relativamente altos; el porcentaje de animales con un F mayor que 6.25% fue de 7.1% en el TP y 12.2% en la PR. La relaci&#xF3;n (𝑓𝑎/𝑓𝑒) indic&#xF3; la existencia de cuellos de botella gen&#xE9;ticos (0.41 en la PR), debido al uso de un n&#xFA;mero reducido de reproductores en ciertas generaciones. Los 𝑁𝑒 calculados por diferentes m&#xE9;todos (69.8, 24.7 y 23.6) muestran una variabilidad gen&#xE9;tica reducida en esta poblaci&#xF3;n. </subfield>
  </datafield>
  <datafield tag="590" ind1=" " ind2=" ">
    <subfield code="a">BATCH-UPD</subfield>
    <subfield code="b">05</subfield>
    <subfield code="c">20160114</subfield>
  </datafield>
  <datafield tag="590" ind1=" " ind2=" ">
    <subfield code="a">E5652GLJ</subfield>
    <subfield code="b">05</subfield>
    <subfield code="c">20160113</subfield>
  </datafield>
  <datafield tag="590" ind1=" " ind2=" ">
    <subfield code="a">E5652GLJ</subfield>
    <subfield code="b">05</subfield>
    <subfield code="c">20160114</subfield>
  </datafield>
  <datafield tag="590" ind1=" " ind2=" ">
    <subfield code="a">E5652GLJ</subfield>
    <subfield code="b">05</subfield>
    <subfield code="c">20160114</subfield>
  </datafield>
  <datafield tag="650" ind1="1" ind2="4">
    <subfield code="a">Ganado Romosinuano</subfield>
    <subfield code="x">Genealog&#xED;a.</subfield>
    <subfield code="9">130395</subfield>
  </datafield>
  <datafield tag="650" ind1="1" ind2="4">
    <subfield code="a">Ganado vacuno</subfield>
    <subfield code="x">Gen&#xE9;tica.</subfield>
    <subfield code="9">45470</subfield>
  </datafield>
  <datafield tag="650" ind1="1" ind2="4">
    <subfield code="a">Ganado vacuno</subfield>
    <subfield code="x">Razas.</subfield>
    <subfield code="9">45509</subfield>
  </datafield>
  <datafield tag="650" ind1="1" ind2="4">
    <subfield code="a">Recursos gen&#xE9;ticos</subfield>
    <subfield code="x">Conservaci&#xF3;n.</subfield>
    <subfield code="9">95081</subfield>
  </datafield>
  <datafield tag="700" ind1="0" ind2=" ">
    <subfield code="a">Ram&#xED;rez Valverde, Rodolfo</subfield>
    <subfield code="9">94316</subfield>
  </datafield>
  <datafield tag="856" ind1=" " ind2=" ">
    <subfield code="u">http://10.13.5.2/tesis/sist112197.pdf</subfield>
    <subfield code="z">DESCARGAR PDF</subfield>
  </datafield>
  <datafield tag="942" ind1=" " ind2=" ">
    <subfield code="c">TD</subfield>
    <subfield code="2">Clasificaci&#xF3;n Universidad Aut&#xF3;noma Chapingo</subfield>
  </datafield>
  <datafield tag="999" ind1=" " ind2=" ">
    <subfield code="c">108658</subfield>
    <subfield code="d">108658</subfield>
  </datafield>
  <datafield tag="952" ind1=" " ind2=" ">
    <subfield code="0">0</subfield>
    <subfield code="1">0</subfield>
    <subfield code="2">local</subfield>
    <subfield code="4">0</subfield>
    <subfield code="5">1</subfield>
    <subfield code="7">0</subfield>
    <subfield code="8">TesDigL</subfield>
    <subfield code="a">BD</subfield>
    <subfield code="b">BD</subfield>
    <subfield code="c">E_L</subfield>
    <subfield code="d">2016-01-14</subfield>
    <subfield code="l">0</subfield>
    <subfield code="o">Tesis digital</subfield>
    <subfield code="r">2019-12-31 00:00:00</subfield>
    <subfield code="w">2019-12-31</subfield>
    <subfield code="y">TD</subfield>
  </datafield>
</record>
